000 00599nam a22002417a 4500
003 UA-OsUOA
001 23854
007 ta
008 20040130b un ||||| |||| 00| 0 ukr d
100 _aМідор Джон Даніел
090 _a343.11(73)
_bМ57
942 _cBK
040 _aUA-OsUOA
_bukr
_cUA-OsUOA
_dUA-OsUOA
245 _aСуди в Сполучених Штатах
300 _a85 с.
955 _a0
041 _aukr
080 _a343.11(73)
260 _aСент-Пол
_bВест Паблішинг Ко
_c1991
044 _aUA
650 7 _2UDC
999 _c310114
_d310114